00787nam a22001937a 450000500170000000800410001702000180005805000250007610000530010124501390015425000120029326000680030530000220037349000130039550400210040860000890042965000370051870000380055520170424094824.0170424b sp ||||| |||| 00| 0 spa d a978849261658904aBR754.A56 bA57 20101 aAnselmo, San dArsobispo de Canterbury 1033-1109 aAnselmo de Canterbury esencial :b existe algo mayor que lo cual nada puede pensarse /cAnselmo, San ; itro. Miguel Pérez de Laborda a1a ed.  aBarcelona : bEdiciones de Intervención Cultural, D.L.c2010. a163 p. ; c20 cm. aEsencial aIncluye índice14aAnselmo, Santo cArzobispo de Canterbury.d1033-1109xCrítica e ínterpretación aCristianismoxExistencia de Dios1 aPérez de Laborda, Migueleintro